000 00336nam a2200133Ia 4500
008 240624s9999 xx 000 0 und d
041 _aeng
082 _a658.83 FRO
100 _aFROMM JEFF
245 _aMARKETING TO GENZ THE RULES FOR REACHING
260 _c2018
_aNew York
_bAmacom
300 _axxi, 202 p.; 23 cm.
365 _c
_b35
999 _c31595
_d31595